Tic-Tac-WIN! Quiz Stats

 Plays Quiz Updated Nov 20, 2017

Challenge
Share
Tweet
Score 0/30 Timer 01:00
1 Play Today
% Correct
???
98%
???
92.8%
???
87.7%
???
87.1%
???
86.2%
???
84.1%
???
83.9%
???
83.4%
???
79.3%
???
76.9%
???
75.8%
???
72.9%
???
69.3%
???
68.8%
???
68.6%
% Correct
???
67.3%
???
67.1%
???
66.5%
???
64.5%
???
61.9%
???
58.4%
???
56%
???
55.9%
???
54.6%
???
52.2%
???
39.8%
???
38.5%
???
35%
???
29.9%
???
21.5%

You're not logged in!

Compare scores with friends on all Sporcle quizzes.
Join for Free
OR
Log In

You Might Also Like...

Show Comments

Extras

Top Quizzes Today


Score Distribution

Your Account Isn't Verified!

In order to create a playlist on Sporcle, you need to verify the email address you used during registration. Go to your Sporcle Settings to finish the process.

Report this User

Report this user for behavior that violates our Community Guidelines.

Details: